Land struggles in Honduras /

محفوظ في:
التفاصيل البيبلوغرافية
المؤلف الرئيسي: Lydersen, Keri
التنسيق: نص
الموضوعات:
الوسوم: إضافة وسم
لا توجد وسوم, كن أول من يضع وسما على هذه التسجيلة!

MARC

LEADER 00000 a a2200000 04500
001 4963
003
040
100 |a Lydersen, Keri  
245 |a Land struggles in Honduras /  |c Keri Lydersen 
650 |a TENENCIA DE LA TIERRA  
650 |a GRUPO ETNICO  
650 |a ASPECTOS SOCIALES  
650 |a REPRESION  
650 |a PARTICIPACION SOCIAL  
773 |g número 8 Spring; páginas 52-55  
999 |c 32946  |d 32946